Vodotěsné železobetónové konstrukce: Monogramy pro navrhování a posuzování průřezů na bezpečnost proti vzniku trhlin /

Gespeichert in:
Bibliographische Detailangaben
1. Verfasser: Dratva, Alfréd (Verfasst von)
Format: Buch
Sprache:Tschechisch
Veröffentlicht: Praha: Státní nakladatelství technické literatury, 1961
Ausgabe:1. vyd.
Tags: Tag hinzufügen
Keine Tags, Fügen Sie das erste Tag hinzu!

MARC

LEADER 00000nam a22000003a 4500
001 0022894
003 SK-STU
005 20170322120555.6
007 ta
008 170322s ----xo-----e------000-0-----d
040 |a STU  |b slo 
041 0 |a cze  |h cze 
044 |a xr 
100 1 |a Dratva, Alfréd  |4 aut  |r Z6 
245 1 0 |a Vodotěsné železobetónové konstrukce:  |b Monogramy pro navrhování a posuzování průřezů na bezpečnost proti vzniku trhlin /  |c aut. Alfréd Dratva 
250 |a 1. vyd. 
260 |a Praha:  |b Státní nakladatelství technické literatury,  |c 1961 
300 |a 44 s. + 19 voľných listov 
996 |b 284V040228  |c V* 52448/O-23605  |l VVS  |s A  |a 24  |w 0022894_0001